=LDR 00000nam 2200000 4500 =001 INLIS000000000008216 =005 20130612100122 =008 ***********************************Ind** =035 ##$$0010-061300000008216 =041 ##$$a Ind =082 ##$$a F Rom D =090 ##$$a F Rom D, Faj p =100 ##$$a Fajri, Rian Yasmura =245 ##$$a Puri Kurcaci, Dian Yasmin Fajri ; editor, Muhammad Yulius =260 ##$$a 2002 $b Jakarta =300 ##$$a iii, 172 hlm, ilus, 19 cm =650 ##$$a Fiksi dewasa =850 ##$$a NBPNMAT